Statistics for Guess The Celebrity

Click here to take the quiz!

General Stats

  • This quiz has been taken 235 times
  • The average score is 36 of 60

Answer Stats

Answer% Correct
Michael Jackson
98%
Ariana Grande
95%
Lady Gaga
93%
Britney Spears
92%
Rihanna
92%
Queen Elizabeth II
90%
Billie Eilish
87%
Justin Bieber
87%
Katy Perry
87%
Miley Cyrus
87%
Nicki Minaj
85%
Will Smith
85%
Drake
83%
Selena Gomez
83%
Justin Timberlake
82%
Tom Holland
80%
Daniel Radcliffe
79%
Leonardo DiCaprio
79%
Adam Sandler
78%
Kim Kardashian
78%
Cardi B
74%
James Charles
70%
Jojo Siwa
70%
Marshmello
70%
Meryl Streep
69%
Kristen Stewart
68%
Robert Pattinson
67%
Beyonce
66%
Madonna
66%
Avril Lavigne
65%
Anna Kendrick
63%
Kesha
63%
Taylor Swift
63%
Mr Beast
62%
PewDiePie
60%
Sandra Bullock
59%
Charli D'amelio
58%
Addison Rae
54%
Taylor Lautner
54%
Doja Cat
52%
Will.i.am
51%
Alec Baldwin
49%
Jamie Lynn Spears
49%
Rebel Wilson
49%
Iggy Azalea
48%
Drew Barrymore
47%
Fergie
45%
Melissa McCarthy
44%
Justin Trudeau
39%
Jim Parsons
38%
Amanda Seyfried
37%
Mike Myers
31%
Mary Kate and Ashley Olson
22%
Brittany Snow
17%
Julie Walters
16%
Alyssa Milano
13%
Christine Baranski
11%
Nikki Reed
11%
Donald Trump
10%
Holly Marie Combs
10%

Score Distribution

Percentile by Number Answered

Percent of People with Each Score

Your Score History

You have not taken this quiz